Clic Les chansons de James Bond et les films correspondants - Statistiques

Statistiques générales
  • Ce quiz a été pris 74 fois
  • Le résultat moyen est 13 sur 29
Statistiques - réponses
Hint Réponse % Correct
From Russia with Love Bons baisers de Russie
86%
Moonraker Moonraker
82%
Licence to Kill Permis de tuer
80%
Skyfall Skyfall
80%
Diamonds Are Forever Les diamants sont éternels
77%
For Your Eyes Only Rien que pour vos yeux
75%
Tomorrow Never Dies Demain ne meurt jamais
71%
The Man with the Golden Gun L'Homme au pistolet d'or
71%
No time to die Mourir peut attendre
71%
Goldfinger Goldfinger
68%
Live and Let Die Vivre et laisser mourir
66%
Die Another Day Meurs un autre jour
64%
You Only Live Twice On ne vit que deux fois
64%
Never Say Never Again Jamais plus jamais
63%
The World Is Not Enough Le monde ne suffit pas
63%
Thunderball Opération Tonnerre
55%
Writing's on the wall 007 Spectre
41%
You Know My Name Casino Royale
36%
A View to a Kill Dangereusement vôtre
36%
Another Way to Die Quantum of Solace
21%
The Living Daylights Tuer n'est pas jouer
20%
Nobody Does It Better L'espion qui m'aimait
16%
We Have All the Time in the World Au service secret de Sa Majesté
13%
All Time High Octopussy
11%
Surrender Demain ne meurt jamais
4%
The Experience of Love GoldenEye
4%
On Her Majesty's Secret Service service
4%
If You Asked Me To i Permis de tuer
2%
If There Was A Man Tuer n'est pas jouer
2%
Aucun quiz correspondant
Distribution des résultats
% des personnes avec chaque résultat
Percentile par nombre de réponses
Votre historique - résultats
Vous n’avez pas pris ce quiz